| Tag |
First Indicator |
Second Indicator |
Subfields |
| LEADER |
00000cam a2200000 a 4500 |
| 001 |
in00001502016 |
| 005 |
20151021074402.0 |
| 008 |
980602s1998 pau b 001 0 eng |
| 010 |
|
|
|a 98027321
|
| 020 |
|
|
|a 089871415X (pbk.)
|
| 035 |
|
|
|a (OCoLC)39281944
|
| 035 |
|
|
|9 AJH7768AM
|
| 040 |
|
|
|a DLC
|c DLC
|d FPU
|d TXA
|d UtOrBLW
|
| 049 |
|
|
|a TXAM
|
| 050 |
0 |
0 |
|a QA214
|b .R44 1998
|
| 082 |
0 |
0 |
|a 512.9/4
|2 21
|
| 100 |
1 |
|
|a Rheinboldt, Werner C.
|
| 245 |
1 |
0 |
|a Methods for solving systems of nonlinear equations /
|c Werner C. Rheinboldt.
|
| 250 |
|
|
|a 2nd ed.
|
| 264 |
|
1 |
|a Philadelphia :
|b Society for Industrial and Applied Mathematics,
|c [1998]
|
| 264 |
|
4 |
|c ©1998
|
| 300 |
|
|
|a ix, 148 pages ;
|c 26 cm.
|
| 336 |
|
|
|a text
|b txt
|2 rdacontent
|
| 337 |
|
|
|a unmediated
|b n
|2 rdamedia
|
| 338 |
|
|
|a volume
|b nc
|2 rdacarrier
|
| 490 |
1 |
|
|a CBMS-NSF regional conference series in applied mathematics ;
|v 70
|
| 504 |
|
|
|a Includes bibliographical references (pages 130-141) and index.
|
| 650 |
|
0 |
|a Equations, Simultaneous
|x Data processing.
|
| 650 |
|
0 |
|a Nonlinear theories
|x Data processing.
|
| 650 |
|
0 |
|a Numerical analysis
|x Data processing.
|
| 650 |
|
7 |
|a Equations, Systèmes d'
|x Informatique.
|2 ram
|
| 650 |
|
7 |
|a Théories non linéaires
|x Informatique.
|2 ram
|
| 650 |
|
7 |
|a Analyse numérique
|x Informatique.
|2 ram
|
| 830 |
|
0 |
|a CBMS-NSF regional conference series in applied mathematics ;
|v 70.
|
| 948 |
|
|
|a c:jh
|
| 999 |
|
|
|a MARS
|
| 999 |
f |
f |
|s 144955e8-9bc8-381f-b32c-ab7cc3e06270
|i c5fab947-c96f-3540-bdc8-feaa826ec4ab
|t 0
|
| 952 |
f |
f |
|p ric
|a Texas A&M University
|b Rellis Campus
|c Joint Library Facility
|d Remote Storage
|t 0
|e QA214 .R44 1998
|h Library of Congress classification
|i unmediated -- volume
|m A14825074916
|
| 998 |
f |
f |
|a QA214 .R44 1998
|t 0
|l Remote Storage
|